|
|
|
|
| LEADER |
00000cam a2200000 a 4500 |
| 003 |
Ucuenca |
| 005 |
20230321065552.0 |
| 008 |
009121|2009 ec |||||r|||||||||||spa|| |
| 020 |
|
|
|a 978-9978-14-175-5
|
| 040 |
|
|
|b spa
|
| 041 |
0 |
|
|a es
|
| 082 |
0 |
|
|a 190
|
| 110 |
|
|
|a Universidad de Cuenca
|e Facultad de Filosofía, Letras y Ciencias de la Educación
|9 266582
|
| 245 |
|
|
|a IX Encuentro Nacional de Filosoffía: "filosofia, cultura y ciencia": 14, 15, 16 y 17 de Noviembre del 2006
|c Universidad de Cuenca, Facultad de Filosofía, Letras y Ciencias de la Educación
|h imp
|n tomo 1.
|
| 264 |
|
|
|a Cuenca
|b Universidad de Cuenca
|c 2009
|
| 300 |
|
|
|a 247 páginas:
|c 21 cm
|
| 490 |
|
|
|a Memorias
|n tomo 1
|
| 504 |
|
|
|a incl. ref.
|
| 650 |
|
0 |
|a Noveno encuentro de filosofia
|9 227570
|
| 650 |
|
0 |
|a Humanismo
|9 260
|
| 650 |
|
0 |
|a Ontologia amazonica
|9 93212
|
| 650 |
|
0 |
|a Filosofía andina
|9 4865
|
| 650 |
|
0 |
|a Derechos humanos
|9 2189
|
| 852 |
|
|
|a UC-CDJBV
|f Donación
|l 1
|m General
|p 20091212
|q 1,00
|r 2
|t si4513
|b 0
|d CDRC
|e CDRC
|g 199.8 PRIMER PISO
|z 2009-91-21
|
| 942 |
|
|
|c BK
|2 ddc
|r luz.vázquez@ucuenca.edu.ec
|
| 999 |
|
|
|c 129938
|d 129938
|